Holiday Quiz

Random Holiday or Halloween Quiz

Cryptogram Map - Halloween Monsters Quiz Stats

 Plays Quiz Updated Oct 11, 2017

Score 0/100 Timer 03:00
5 Plays Today
% Correct
O 
92.6%
H 
92.4%
S 
92.2%
E 
92%
T 
91.9%
E 
91.7%
E 
91.7%
E 
91.6%
O 
91.2%
R 
91.1%
R 
91%
G 
91%
R 
90.8%
H 
90.8%
I 
90.7%
E 
90.7%
E 
90.7%
E 
90.7%
I 
90.6%
S 
90.6%
R 
90.6%
I 
90.6%
T 
90.5%
T 
90.5%
O 
90.5%
E 
90.4%
T 
90.3%
E 
90.3%
E 
90.3%
A 
90.2%
E 
90.2%
O 
90.2%
A 
90.2%
I 
89.9%
% Correct
O 
89.8%
O 
89.7%
O 
89.5%
M 
89.4%
M 
89.4%
M 
89.4%
O 
89.4%
H 
89.3%
I 
89.3%
I 
89.3%
S 
89.3%
N 
89.3%
N 
89.3%
N 
89.3%
M 
89.2%
T 
89.1%
S 
89.1%
R 
89%
I 
89%
A 
88.9%
A 
88.9%
N 
88.8%
H 
88.8%
G 
88.8%
G 
88.5%
S 
88.5%
S 
88.5%
U 
88.3%
A 
88.3%
N 
88.2%
N 
88.1%
L 
88%
L 
88%
N 
88%
% Correct
M 
87.9%
N 
87.8%
M 
87.7%
M 
87.4%
Y 
87.4%
L 
87.3%
F 
86.8%
L 
86.8%
L 
86.5%
K 
86.4%
B 
86.3%
B 
85.5%
U 
85.4%
U 
85.4%
U 
85.4%
B 
85.4%
F 
85.3%
K 
84.9%
B 
84.7%
Y 
84.5%
W 
84.2%
C 
84.2%
W 
83%
P 
82.8%
V 
82.2%
C 
81.7%
C 
81.7%
P 
80.8%
D 
80.4%
D 
80%
Z 
79.3%
X 
76.9%

You're not logged in!

Compare scores with friends on all Sporcle quizzes.
OR
Log In

You Might Also Like...

Show Comments

Extras

Top Quizzes Today


Score Distribution

Your Account Isn't Verified!

In order to create a playlist on Sporcle, you need to verify the email address you used during registration. Go to your Sporcle Settings to finish the process.

Report this User

Report this user for behavior that violates our Community Guidelines.

Details: